Districts of Küçükçekmece - Statistics

General Stats
  • This quiz has been taken 2 times
  • The average score is 7 of 21
Answer Stats
Population District % Correct
98,807 Atakent
100%
43,223 Atatürk
50%
3,798 Beşyol
50%
30,366 Cennet
50%
53,147 Cumhuriyet
50%
11,128 Fatih
50%
80,350 Halkalı
50%
73,813 İnönü
50%
40,475 İstasyon
50%
69,484 Kanarya
50%
14,717 Kemalpaşa
50%
53,804 Mehmet akif
50%
33,722 Yeşilova
50%
26,088 Fevzi çakmak
0%
30,751 Gültepe
0%
13,329 Kartaltepe
0%
33,458 Söğütlüçeşme
0%
14,891 Sultanmurat
0%
37,099 Tevfikbey
0%
9,926 Yarımburgaz
0%
20,444 Yenimahalle
0%
No matching quizzes found
Score Distribution
Percent of People with Each Score
Percentile by Number Answered
Your Score History
You have not taken this quiz